[Event "FIRST SATURDAY FM JUNE 2014"]
[Site "Budapest"]
[Date "2014.06.07"]
[Round "1.1"]
[White "Letay, Gyula"]
[Black "Szlenka, Attila"]
[Result "1-0"]
[WhiteElo "1935"]
[BlackElo "1802"]
[PlyCount "65"]
[EventDate "2014.06.07"]

1. e4 Nf6 2. Nc3 d5 3. e5 d4 4. Nce2 Ng4 5. f4 c5 6. Nf3 Nc6 7. d3 h5 8. Ng3
Bd7 9. h3 Nh6 10. Nxh5 Qb6 11. g4 e6 12. Bg2 O-O-O 13. Ng3 Be7 14. O-O f5 15.
gxf5 Nxf5 16. Nxf5 exf5 17. Qe2 Be6 18. c3 Rh6 19. c4 Rdh8 20. Ng5 Nd8 21. a3
Bd7 22. Nf3 Ne6 23. b4 cxb4 24. axb4 Bxb4 25. Rb1 a5 26. Ng5 Rg6 27. Bd2 Qc5
28. Nf7 Rxg2+ 29. Qxg2 Bc6 30. Bxb4 axb4 31. Qg6 Rxh3 32. Qxe6+ Kc7 33. Qd6+
1-0

[Event "FIRST SATURDAY FM JUNE 2014"]
[Site "Budapest"]
[Date "2014.06.07"]
[Round "1.2"]
[White "Di Giovanni, Vilmos"]
[Black "Bacsi, Andras"]
[Result "0-1"]
[WhiteElo "1795"]
[BlackElo "1791"]
[PlyCount "86"]
[EventDate "2014.06.07"]

1. d4 Nf6 2. Nf3 g6 3. Bf4 Bg7 4. e3 O-O 5. h3 d6 6. Be2 Nbd7 7. c3 Qe8 8. O-O
e5 9. Bh2 Qe7 10. Nbd2 Re8 11. Nc4 exd4 12. Nxd4 Ne5 13. Nb5 Nxc4 14. Bxc4 a6
15. Na3 b5 16. Be2 Bb7 17. Nc2 Ne4 18. a4 bxa4 19. Rxa4 Be5 20. Bxe5 dxe5 21.
f3 Ng3 22. Re1 h5 23. Kh2 h4 24. Qa1 Qf6 25. Nb4 e4 26. Bxa6 Bxa6 27. Rxa6 Rxa6
28. Qxa6 Qf5 29. Qc6 Rd8 30. f4 g5 31. Qxc7 Rd2 32. Kg1 gxf4 33. exf4 Ne2+ 34.
Kh1 Nxf4 35. Rg1 Kh7 36. Qc4 Rxg2 37. Rxg2 Nxg2 38. Kxg2 Qf3+ 39. Kh2 Qg3+ 40.
Kh1 Qxh3+ 41. Kg1 Qg3+ 42. Kh1 Qf3+ 43. Kg1 h3 0-1

[Event "FIRST SATURDAY FM JUNE 2014"]
[Site "Budapest"]
[Date "2014.06.07"]
[Round "1.3"]
[White "Bartha, Sandor"]
[Black "Lukacs, Albert"]
[Result "1-0"]
[WhiteElo "2048"]
[BlackElo "1943"]
[PlyCount "129"]
[EventDate "2014.06.07"]

1. c4 c5 2. g3 g6 3. Bg2 Bg7 4. Nc3 e6 5. Nf3 Nc6 6. O-O Nge7 7. d3 O-O 8. Bg5
h6 9. Bd2 Nf5 10. Ne1 d6 11. Rb1 e5 12. a3 a5 13. Nd5 Nfe7 14. b4 axb4 15. axb4
Nxd5 16. Bxd5 Ra2 17. bxc5 dxc5 18. Nf3 Kh7 19. Qb3 Ra6 20. Rfe1 Qc7 21. Bc3
Re8 22. Qb5 Bf8 23. Qb2 Bd6 24. e4 Re7 25. Nh4 Nd4 26. Bxd4 cxd4 27. Re2 Bc5
28. Ng2 Bg4 29. Rd2 g5 30. Rf1 Rb6 31. Qa1 Bb4 32. Ra2 Bc3 33. Qc1 Bf3 34. h3
Rb3 35. Kh2 Qc5 36. Ne1 Bh5 37. Ng2 Ba5 38. g4 Bg6 39. Rd1 Qb4 40. Qc2 b6 41.
Ne1 f6 42. Rda1 Be8 43. Kg2 Kg7 44. Nf3 Rc3 45. Qd1 Rc7 46. Ne1 Bf7 47. Rb1 Qe7
48. Bxf7 Kxf7 49. Rb5 Ra3 50. Rab2 Bxe1 51. Qxe1 Rxd3 52. Rxb6 Rc3 53. Ra6 Ra3
54. Rab6 Rxc4 55. Qb1 Rac3 56. Qa2 Kg6 57. R2b5 Qe8 58. Rb8 Qf7 59. Qa8 Qe7 60.
Qd5 Rc8 61. R5b7 R3c7 62. Rxc8 Rxb7 63. Qg8+ Qg7 64. Qe6 Rf7 65. Qf5# 1-0

[Event "FIRST SATURDAY FM JUNE 2014"]
[Site "Budapest"]
[Date "2014.06.07"]
[Round "1.4"]
[White "Berta, Sandor"]
[Black "Darazs, Zoltan"]
[Result "0-1"]
[WhiteElo "2024"]
[BlackElo "2108"]
[PlyCount "98"]
[EventDate "2014.06.07"]

1. Nf3 Nf6 2. g3 g6 3. b3 Bg7 4. Bb2 O-O 5. Bg2 c5 6. O-O Nc6 7. c4 d5 8. cxd5
Nxd5 9. Bxg7 Kxg7 10. Qc2 b6 11. Nc3 e6 12. Qb2 Qf6 13. e4 Nxc3 14. dxc3 Ba6
15. Rfe1 e5 16. Rad1 Rad8 17. Rd5 Bc8 18. Red1 Bg4 19. Qe2 Rfe8 20. h3 Bxf3 21.
Qxf3 Qxf3 22. Bxf3 Rxd5 23. exd5 Nd8 24. Be2 e4 25. a3 Kf6 26. b4 Nb7 27. d6
Re6 28. d7 Ke7 29. Bb5 f5 30. Kf1 Nd8 31. Ke2 Rd6 32. bxc5 Rxd1 33. Kxd1 bxc5
34. Kc2 Nf7 35. Kb3 Ne5 36. a4 g5 37. g4 fxg4 38. hxg4 Nxg4 39. Kc4 h5 40. Kxc5
h4 41. Kc6 Kd8 42. Bf1 Nxf2 43. c4 e3 44. c5 h3 45. Kb7 h2 46. Bg2 Nd3 47. c6
Nc5+ 48. Kb8 Ne6 49. Bd5 Nc7 0-1

[Event "FIRST SATURDAY FM JUNE 2014"]
[Site "Budapest"]
[Date "2014.06.07"]
[Round "1.5"]
[White "Marcu, Simon"]
[Black "Steer, Jozsef"]
[Result "1/2-1/2"]
[WhiteElo "1859"]
[BlackElo "1893"]
[PlyCount "92"]
[EventDate "2014.06.07"]

1. d4 d5 2. c4 c6 3. e3 Nf6 4. Nf3 Bg4 5. h3 Bxf3 6. Qxf3 e6 7. Nc3 Bb4 8. Bd2
Qa5 9. Bd3 dxc4 10. Bxc4 Nbd7 11. O-O Qf5 12. Qe2 Bxc3 13. bxc3 O-O 14. Bd3 Qh5
15. f3 e5 16. e4 exd4 17. cxd4 c5 18. e5 Rfe8 19. Qf2 Nd5 20. Be4 Ne7 21. f4
cxd4 22. Qxd4 Nb6 23. Bb4 Nc6 24. Bxc6 bxc6 25. Rac1 Rac8 26. Bc5 Red8 27. Qe4
Qh6 28. f5 Qd2 29. f6 Qxa2 30. Qg4 g6 31. Qg5 Kh8 32. Qh6 Rg8 33. Bd6 g5 34.
Qh5 Qe6 35. Ra1 Ra8 36. Ra6 Rg6 37. Rfa1 Nc8 38. Rxc6 Nxd6 39. exd6 Qxf6 40.
Rac1 Rd8 41. Rf1 Qd4+ 42. Kh1 Rdxd6 43. Rxd6 Qxd6 44. Rxf7 Rg7 45. Rxg7 Kxg7
46. Qxg5+ Kh8 1/2-1/2

[Event "FIRST SATURDAY FM JUNE 2014"]
[Site "Budapest"]
[Date "2014.06.08"]
[Round "2.1"]
[White "Darazs, Zoltan"]
[Black "Marcu, Simon"]
[Result "1-0"]
[WhiteElo "2108"]
[BlackElo "1859"]
[PlyCount "121"]
[EventDate "2014.06.07"]

1. e4 c5 2. Nf3 Nc6 3. d4 cxd4 4. Nxd4 a6 5. c4 d6 6. Nc3 Nf6 7. Be2 g6 8. O-O
Bg7 9. Be3 O-O 10. f3 Nd7 11. Rc1 Nxd4 12. Bxd4 Bxd4+ 13. Qxd4 Qb6 14. Qxb6
Nxb6 15. Nd5 Nxd5 16. cxd5 Rd8 17. Rc7 Rd7 18. Rfc1 Rxc7 19. Rxc7 Kf8 20. Kf2
Ke8 21. Ke3 Kd8 22. Rc3 Bd7 23. f4 Rc8 24. Rxc8+ Bxc8 25. h4 h6 26. h5 e5 27.
dxe6 Bxe6 28. hxg6 fxg6 29. a3 h5 30. f5 gxf5 31. exf5 Bxf5 32. Bxh5 Ke7 33.
Bf3 b6 34. g4 Be6 35. g5 d5 36. Kd4 Kd6 37. g6 a5 38. g7 Bg8 39. Bg4 Bf7 40.
Bf5 Bg8 41. a4 Ke7 42. Ke5 d4 43. Kxd4 Kf6 44. Be4 Kxg7 45. Bd5 Bh7 46. Kc4 Kf6
47. Kb5 Ke5 48. Bb3 Bd3+ 49. Kxb6 Kd4 50. Kxa5 Kc5 51. Bd1 Kc6 52. Bf3+ Kc7 53.
b4 Bc2 54. b5 Kb8 55. b6 Bd3 56. Kb4 Ba6 57. a5 Kc8 58. Bc6 Kb8 59. Bb5 Bb7 60.
a6 Bf3 61. Kc5 1-0

[Event "FIRST SATURDAY FM JUNE 2014"]
[Site "Budapest"]
[Date "2014.06.08"]
[Round "2.2"]
[White "Lukacs, Albert"]
[Black "Berta, Sandor"]
[Result "1/2-1/2"]
[WhiteElo "1943"]
[BlackElo "2024"]
[PlyCount "57"]
[EventDate "2014.06.07"]

1. e4 d6 2. d4 Nf6 3. Nc3 g6 4. Be2 Bg7 5. Be3 O-O 6. Qd2 e5 7. O-O-O exd4 8.
Bxd4 Nc6 9. Be3 Re8 10. f3 Qe7 11. Bg5 Qe5 12. Nh3 Be6 13. a3 Rab8 14. Be3 Bxh3
15. gxh3 b5 16. Bf4 Qh5 17. Nd5 b4 18. a4 Nxd5 19. Qxd5 Ne5 20. Kb1 Qxh3 21.
Rhg1 Qe6 22. Qxe6 fxe6 23. Be3 Rf8 24. Rg3 Rbd8 25. f4 Nd7 26. Bc4 Nf6 27.
Bxe6+ Kh8 28. Bd5 Rde8 29. Bc6 1/2-1/2

[Event "FIRST SATURDAY FM JUNE 2014"]
[Site "Budapest"]
[Date "2014.06.08"]
[Round "2.3"]
[White "Bacsi, Andras"]
[Black "Bartha, Sandor"]
[Result "0-1"]
[WhiteElo "1791"]
[BlackElo "2048"]
[PlyCount "70"]
[EventDate "2014.06.07"]

1. e4 c5 2. Nf3 d6 3. d4 cxd4 4. Nxd4 Nf6 5. Nc3 a6 6. f4 Qc7 7. Qf3 g6 8. Bd3
Bg7 9. Be3 O-O 10. h3 b5 11. O-O-O Bb7 12. g4 b4 13. Nce2 e5 14. fxe5 dxe5 15.
Nb3 Nbd7 16. Rhf1 a5 17. Kb1 a4 18. Nd2 Nc5 19. g5 Nfd7 20. Bc4 b3 21. cxb3
axb3 22. Nc3 bxa2+ 23. Ka1 Ne6 24. Bxe6 fxe6 25. Qg4 Qc6 26. Rxf8+ Bxf8 27. Rc1
Qa6 28. Qe2 Bc5 29. Bxc5 Nxc5 30. Qxa6 Nxa6 31. Kxa2 Nb4+ 32. Kb3 Nc6 33. Kc4
Rd8 34. Kc5 Rxd2 35. Kb6 Rxb2+ 0-1

[Event "FIRST SATURDAY FM JUNE 2014"]
[Site "Budapest"]
[Date "2014.06.08"]
[Round "2.4"]
[White "Szlenka, Attila"]
[Black "Di Giovanni, Vilmos"]
[Result "0-1"]
[WhiteElo "1802"]
[BlackElo "1795"]
[PlyCount "82"]
[EventDate "2014.06.07"]

1. Nf3 d5 2. g3 e6 3. Bg2 f5 4. c4 c6 5. cxd5 cxd5 6. O-O Nf6 7. d3 Nc6 8. Nc3
Be7 9. Qb3 Na5 10. Qc2 Bd7 11. e4 Rc8 12. Qe2 dxe4 13. dxe4 O-O 14. Rd1 Qe8 15.
Ne5 Bc6 16. Nxc6 Nxc6 17. exf5 exf5 18. Qe6+ Kh8 19. Re1 Bb4 20. Qxe8 Rfxe8 21.
Rxe8+ Nxe8 22. Be3 Bxc3 23. bxc3 b6 24. Rd1 Rd8 25. Rxd8 Nxd8 26. Bd4 Nd6 27.
Bd5 h6 28. Kf1 Kh7 29. Ke2 Kg6 30. h4 Nb5 31. Kd3 Nxd4 32. Kxd4 Kf6 33. Kc4 Ke5
34. f4+ Kd6 35. Kd4 Ne6+ 36. Kc4 b5+ 37. Kxb5 Kxd5 38. c4+ Kd4 39. a4 Nc5 40.
a5 a6+ 41. Kb4 Nb7 0-1

[Event "FIRST SATURDAY FM JUNE 2014"]
[Site "Budapest"]
[Date "2014.06.08"]
[Round "2.5"]
[White "Gruz, Janos"]
[Black "Letay, Gyula"]
[Result "1/2-1/2"]
[WhiteElo "1761"]
[BlackElo "1935"]
[PlyCount "25"]
[EventDate "2014.06.07"]

1. c4 c5 2. Nf3 b6 3. Nc3 Bb7 4. e4 d6 5. d4 cxd4 6. Nxd4 Nf6 7. f3 Nbd7 8. Be3
g6 9. Be2 Bg7 10. O-O O-O 11. Rc1 Rc8 12. Qd2 Ne5 13. Nd5 1/2-1/2

[Event "FIRST SATURDAY FM JUNE 2014"]
[Site "Budapest"]
[Date "2014.06.09"]
[Round "3.1"]
[White "Di Giovanni, Vilmos"]
[Black "Gruz, Janos"]
[Result "1-0"]
[WhiteElo "1795"]
[BlackElo "1761"]
[PlyCount "43"]
[EventDate "2014.06.07"]

1. d4 d5 2. Nf3 e6 3. Bf4 Bd6 4. Bg3 Nf6 5. e3 Qe7 6. Bd3 O-O 7. Nbd2 Nbd7 8.
Ne5 c5 9. c3 g6 10. f4 Nh5 11. Qg4 Bxe5 12. fxe5 f5 13. Qh3 cxd4 14. exd4 Nb6
15. Be2 Ng7 16. Nf3 g5 17. Qh6 g4 18. Ng5 Ne8 19. h3 Qg7 20. hxg4 f4 21. Bf2
Nc4 22. O-O-O 1-0

[Event "FIRST SATURDAY FM JUNE 2014"]
[Site "Budapest"]
[Date "2014.06.09"]
[Round "3.2"]
[White "Bartha, Sandor"]
[Black "Szlenka, Attila"]
[Result "1-0"]
[WhiteElo "2048"]
[BlackElo "1802"]
[PlyCount "103"]
[EventDate "2014.06.07"]

1. d4 Nf6 2. c4 g6 3. Nc3 Bg7 4. e4 d6 5. f4 O-O 6. Nf3 c5 7. d5 e5 8. fxe5
dxe5 9. Bg5 h6 10. Bh4 Nbd7 11. Qd2 a6 12. O-O-O Qa5 13. a4 b5 14. cxb5 Nb6 15.
Qc2 axb5 16. Bxb5 Bd7 17. Bxf6 Bxf6 18. Bxd7 Nxd7 19. d6 Rfe8 20. h4 Ra6 21.
Nd2 Qb4 22. Nd5 Qxa4 23. Nc7 Rb8 24. Nxa6 Qxa6 25. Nb1 Rb4 26. Nc3 Rc4 27. Kb1
Qa8 28. g3 Bd8 29. Rhf1 Qb7 30. Qf2 Nf6 31. Qf3 Rb4 32. Rd2 Kg7 33. d7 Rb3 34.
g4 Rxc3 35. Qxc3 Nxe4 36. Qc2 Nxd2+ 37. Qxd2 Qe4+ 38. Qc2 Qxg4 39. Qxc5 Qxd7
40. Qxe5+ Kg8 41. Qe4 f5 42. Qc4+ Kg7 43. Kc2 Bf6 44. Rd1 Qb7 45. b4 g5 46. h5
g4 47. Qe6 Qg2+ 48. Rd2 Qe4+ 49. Qxe4 fxe4 50. Rg2 e3 51. Rxg4+ Kf7 52. Kd3 1-0

[Event "FIRST SATURDAY FM JUNE 2014"]
[Site "Budapest"]
[Date "2014.06.09"]
[Round "3.3"]
[White "Berta, Sandor"]
[Black "Bacsi, Andras"]
[Result "1/2-1/2"]
[WhiteElo "2024"]
[BlackElo "1791"]
[PlyCount "94"]
[EventDate "2014.06.07"]

1. e4 c5 2. Nf3 d6 3. c4 Nf6 4. Nc3 e5 5. d3 Nc6 6. Rb1 Be7 7. g3 O-O 8. Bg2 h6
9. O-O Be6 10. a3 a5 11. Nd5 Bxd5 12. cxd5 Nd4 13. b4 axb4 14. axb4 Nxf3+ 15.
Bxf3 b6 16. Qb3 Nd7 17. Bg4 cxb4 18. Qxb4 Nc5 19. Rd1 Rb8 20. Qb5 Bg5 21. Bb2
g6 22. d4 exd4 23. Bxd4 Bf6 24. Qc6 Bxd4 25. Rxd4 Qf6 26. Rc4 Nd3 27. f4 g5 28.
e5 Qg7 29. Bf5 Nxf4 30. gxf4 gxf4+ 31. Kh1 Qxe5 32. Rg1+ Kh8 33. Bb1 Rg8 34.
Rxg8+ Rxg8 35. Rc1 f6 36. Qb7 f5 37. Qf7 Qb2 38. Rg1 Rxg1+ 39. Kxg1 Qxb1+ 40.
Kf2 Qc2+ 41. Kf3 Qe4+ 42. Kf2 Qe3+ 43. Kf1 Qf3+ 44. Kg1 Qg4+ 45. Kf1 f3 46.
Qf8+ Kh7 47. Qf7+ Kh8 1/2-1/2

[Event "FIRST SATURDAY FM JUNE 2014"]
[Site "Budapest"]
[Date "2014.06.09"]
[Round "3.4"]
[White "Marcu, Simon"]
[Black "Lukacs, Albert"]
[Result "0-1"]
[WhiteElo "1859"]
[BlackElo "1943"]
[PlyCount "60"]
[EventDate "2014.06.07"]

1. d4 f5 2. c4 Nf6 3. g3 e6 4. Bg2 Bb4+ 5. Bd2 Bxd2+ 6. Nxd2 O-O 7. e3 d6 8.
Ne2 Nbd7 9. e4 fxe4 10. Nxe4 Nxe4 11. Bxe4 Nf6 12. Bg2 Qe8 13. O-O e5 14. dxe5
Qxe5 15. Qd2 Bf5 16. Nc3 c6 17. b4 Qe7 18. b5 Qd7 19. Rad1 Rad8 20. Qd4 Be6 21.
Qxa7 Bxc4 22. bxc6 bxc6 23. Qxd7 Nxd7 24. Rfe1 d5 25. a4 Rfe8 26. Rxe8+ Rxe8
27. a5 Nc5 28. Bf1 Bxf1 29. Kxf1 Nb3 30. a6 Ra8 0-1

[Event "FIRST SATURDAY FM JUNE 2014"]
[Site "Budapest"]
[Date "2014.06.09"]
[Round "3.5"]
[White "Steer, Jozsef"]
[Black "Darazs, Zoltan"]
[Result "0-1"]
[WhiteElo "1893"]
[BlackElo "2108"]
[PlyCount "56"]
[EventDate "2014.06.07"]

1. e4 e5 2. Nf3 Nc6 3. d4 exd4 4. Nxd4 Nf6 5. Nxc6 bxc6 6. Bg5 h6 7. Bxf6 Qxf6
8. c3 Bc5 9. Qf3 Qxf3 10. gxf3 Rb8 11. b3 d5 12. Bd3 O-O 13. O-O f5 14. exd5
cxd5 15. Nd2 Bd6 16. Rfe1 Bd7 17. Nf1 c6 18. Re2 Rf6 19. Rae1 Rg6+ 20. Kh1 Rg5
21. c4 d4 22. Rd1 c5 23. Nd2 Rh5 24. Nf1 Bc6 25. Ng3 Bxg3 26. fxg3 Bxf3+ 27.
Kg1 Bxe2 28. Bxe2 Rg5 0-1

[Event "FIRST SATURDAY FM JUNE 2014"]
[Site "Budapest"]
[Date "2014.06.10"]
[Round "4.1"]
[White "Lukacs, Albert"]
[Black "Steer, Jozsef"]
[Result "1/2-1/2"]
[WhiteElo "1943"]
[BlackElo "1893"]
[PlyCount "24"]
[EventDate "2014.06.07"]

1. e4 c6 2. d4 d5 3. exd5 cxd5 4. Bd3 Nc6 5. c3 Nf6 6. Ne2 Bg4 7. O-O e6 8. Bf4
Be7 9. Nd2 O-O 10. f3 Bh5 11. Qc2 Bg6 12. Bxg6 hxg6 1/2-1/2

[Event "FIRST SATURDAY FM JUNE 2014"]
[Site "Budapest"]
[Date "2014.06.10"]
[Round "4.2"]
[White "Bacsi, Andras"]
[Black "Marcu, Simon"]
[Result "1-0"]
[WhiteElo "1791"]
[BlackElo "1859"]
[PlyCount "97"]
[EventDate "2014.06.07"]

1. e4 d6 2. d4 Nf6 3. Bd3 e5 4. c3 g6 5. Nf3 Bg7 6. O-O Nbd7 7. h3 O-O 8. Re1
Nh5 9. Bf1 Nb6 10. g3 Bd7 11. Nbd2 Qe7 12. Kh2 Rad8 13. Nc4 Kh8 14. Nxb6 axb6
15. Qe2 Rfe8 16. Bg2 h6 17. Bd2 c5 18. dxe5 dxe5 19. Rad1 b5 20. b3 Bc6 21. Bc1
Kg8 22. Nh4 Kh7 23. Nf5 Qe6 24. Nxg7 Nxg7 25. Qe3 g5 26. Qxc5 Qf6 27. Qe3 Ne6
28. Bf3 Qg6 29. Ba3 Rh8 30. Bg4 Ng7 31. Be7 Rxd1 32. Bxd1 Re8 33. Bb4 h5 34.
Bc2 Bd7 35. Rd1 Qe6 36. g4 f6 37. Rd6 Qf7 38. f3 Ne6 39. Qb6 Bc6 40. Bd3 Ra8
41. a3 Ra6 42. Qg1 Nf4 43. Bf1 Kg7 44. c4 Qe8 45. gxh5 bxc4 46. h6+ Kf7 47.
Bxc4+ Kg6 48. h4 Qc8 49. Qxg5+ 1-0

[Event "FIRST SATURDAY FM JUNE 2014"]
[Site "Budapest"]
[Date "2014.06.10"]
[Round "4.3"]
[White "Szlenka, Attila"]
[Black "Berta, Sandor"]
[Result "1-0"]
[WhiteElo "1802"]
[BlackElo "2024"]
[PlyCount "101"]
[EventDate "2014.06.07"]

1. Nf3 g6 2. g3 Bg7 3. Bg2 d6 4. c4 e5 5. Nc3 f5 6. d3 Nc6 7. O-O h6 8. Rb1 g5
9. e3 Nge7 10. Ne1 O-O 11. f4 Be6 12. Nd5 Rb8 13. Bd2 Bf7 14. Nc2 gxf4 15.
Nxe7+ Qxe7 16. exf4 Rbe8 17. Re1 Qd7 18. b4 e4 19. dxe4 Bxc4 20. b5 Ne7 21. a4
fxe4 22. Bxe4 Nf5 23. Bb4 c5 24. Bxc5 Qc7 25. Bf2 Kh8 26. Qh5 Rxe4 27. Rxe4 Bd3
28. Re8 Qxc2 29. Rxf8+ Bxf8 30. Re1 Qxa4 31. Qf7 Bg7 32. Qg6 Be4 33. Qe8+ Kh7
34. Rxe4 Qa1+ 35. Re1 Qf6 36. Bxa7 d5 37. Qe5 Qg6 38. Qxd5 b6 39. Re6 Qf7 40.
Bxb6 Qh5 41. Qd3 Kh8 42. Bf2 Qg4 43. b6 Nh4 44. Re8+ Bf8 45. Rxf8+ Kg7 46. b7
Nf3+ 47. Kh1 Qh5 48. Rg8+ Kf6 49. Qg6+ Qxg6 50. Rxg6+ Kxg6 51. b8=Q 1-0

[Event "FIRST SATURDAY FM JUNE 2014"]
[Site "Budapest"]
[Date "2014.06.10"]
[Round "4.4"]
[White "Gruz, Janos"]
[Black "Bartha, Sandor"]
[Result "0-1"]
[WhiteElo "1761"]
[BlackElo "2048"]
[PlyCount "58"]
[EventDate "2014.06.07"]

1. c4 c6 2. d4 d5 3. cxd5 cxd5 4. Nc3 Nf6 5. Nf3 g6 6. Bf4 a6 7. e3 Bg7 8. h3
Nc6 9. Rc1 O-O 10. Bd3 Bd7 11. Ne5 e6 12. O-O Nh5 13. Nxc6 Bxc6 14. Bh2 Re8 15.
Be2 Nf6 16. Be5 Bf8 17. a3 Nd7 18. Bg3 Rc8 19. b4 b5 20. Bf3 Nb6 21. e4 Nc4 22.
exd5 exd5 23. Nb1 a5 24. Bg4 Ra8 25. bxa5 Qxa5 26. Qb3 Bxa3 27. Rc3 Bf8 28. f4
b4 29. Rcc1 Re3 0-1

[Event "FIRST SATURDAY FM JUNE 2014"]
[Site "Budapest"]
[Date "2014.06.10"]
[Round "4.5"]
[White "Letay, Gyula"]
[Black "Di Giovanni, Vilmos"]
[Result "1/2-1/2"]
[WhiteElo "1935"]
[BlackElo "1795"]
[PlyCount "70"]
[EventDate "2014.06.07"]

1. e4 d5 2. Nc3 dxe4 3. Nxe4 Nc6 4. h3 Bf5 5. Ng3 Bg6 6. Bb5 Qd5 7. c4 Qxg2 8.
N1e2 e5 9. d4 O-O-O 10. d5 Nb4 11. Be3 Nd3+ 12. Kd2 Bb4+ 13. Nc3 Nxf2 14. Qe2
Ne4+ 15. Ngxe4 Qxe4 16. a3 Qc2+ 17. Ke1 Bxc3+ 18. bxc3 Qxc3+ 19. Kf2 a6 20. Ba4
e4 21. Rhd1 Qf6+ 22. Kg2 Qf3+ 23. Qxf3 exf3+ 24. Kg3 Ne7 25. Bf4 Nf5+ 26. Kf2
f6 27. Ra2 Nd6 28. Bxd6 cxd6 29. Rc1 Be8 30. Bd1 g5 31. Bxf3 h5 32. c5 f5 33.
c6 g4 34. cxb7+ Kxb7 35. Rb2+ Ka8 1/2-1/2

[Event "FIRST SATURDAY FM JUNE 2014"]
[Site "Budapest"]
[Date "2014.06.11"]
[Round "5.1"]
[White "Bartha, Sandor"]
[Black "Letay, Gyula"]
[Result "0-1"]
[WhiteElo "2048"]
[BlackElo "1935"]
[PlyCount "124"]
[EventDate "2014.06.07"]

1. c4 Nf6 2. Nc3 e6 3. g3 d5 4. cxd5 exd5 5. d4 Be7 6. Bg5 c6 7. Bxf6 Bxf6 8.
Bg2 O-O 9. Nf3 Re8 10. O-O b6 11. e3 Bb7 12. Qc2 Qd7 13. Rfd1 Na6 14. a3 g6 15.
b4 Nc7 16. Rab1 Bg7 17. Ne2 Qd6 18. Nf4 Ne6 19. Nd3 Rac8 20. Rdc1 Rc7 21. Bh3
Nd8 22. Qa4 a6 23. Rc2 Ne6 24. Rbc1 Rec8 25. Qb3 Bf8 26. a4 f5 27. a5 bxa5 28.
bxa5 Qa3 29. Qxa3 Bxa3 30. Rb1 Bd6 31. Rb6 Nd8 32. Bf1 Ra8 33. Nfe5 Re7 34.
Rcb2 Ra7 35. Ra2 Bc7 36. Rb1 Bxe5 37. dxe5 Ne6 38. f4 c5 39. Rb6 c4 40. Nb4 Kg7
41. Rd6 Nc7 42. Bg2 Nb5 43. Rd8 c3 44. Bf1 Rc7 45. Bxb5 axb5 46. Nc2 Ba8 47. a6
Rc4 48. Rb8 Bc6 49. Nd4 b4 50. Nxc6 Rxc6 51. Rc2 Rcxa6 52. Rxb4 Ra1+ 53. Kg2
R1a2 54. Rxa2 Rxa2+ 55. Kf3 Rxh2 56. Rb7+ Kf8 57. Rc7 c2 58. g4 Rh3+ 59. Ke2
fxg4 60. Kd3 Rh2 61. e6 g3 62. Kd4 g2 0-1

[Event "FIRST SATURDAY FM JUNE 2014"]
[Site "Budapest"]
[Date "2014.06.11"]
[Round "5.2"]
[White "Berta, Sandor"]
[Black "Gruz, Janos"]
[Result "1-0"]
[WhiteElo "2024"]
[BlackElo "1761"]
[PlyCount "61"]
[EventDate "2014.06.07"]

1. Nf3 Nf6 2. g3 g6 3. b3 Bg7 4. Bb2 O-O 5. Bg2 d6 6. O-O c5 7. c4 Nc6 8. d4
cxd4 9. Nxd4 Bd7 10. e4 Qc8 11. Re1 Rd8 12. Qd2 Nxd4 13. Bxd4 Bc6 14. Nc3 e5
15. Be3 Qc7 16. h3 b6 17. Bg5 Rf8 18. Red1 Ne8 19. Rac1 Qd7 20. Nd5 f6 21. Be3
Rd8 22. b4 Nc7 23. c5 dxc5 24. bxc5 b5 25. Qa5 Ne6 26. Nxf6+ Bxf6 27. Rxd7 Rxd7
28. Qa6 Rc7 29. Rd1 Rd8 30. Rd6 Rxd6 31. cxd6 1-0

[Event "FIRST SATURDAY FM JUNE 2014"]
[Site "Budapest"]
[Date "2014.06.11"]
[Round "5.3"]
[White "Marcu, Simon"]
[Black "Szlenka, Attila"]
[Result "0-1"]
[WhiteElo "1859"]
[BlackElo "1802"]
[PlyCount "118"]
[EventDate "2014.06.07"]

1. d4 Nf6 2. c4 g6 3. Nc3 Bg7 4. e4 d6 5. f4 O-O 6. Nf3 c5 7. d5 a6 8. Bd3 Bg4
9. O-O e6 10. h3 Bxf3 11. Qxf3 exd5 12. exd5 Nbd7 13. Be3 Re8 14. Rae1 Qc7 15.
g4 Re7 16. Bf2 Rxe1 17. Rxe1 Re8 18. Re2 Rxe2 19. Qxe2 Qd8 20. b3 Nxg4 21. hxg4
Bxc3 22. g5 Kf8 23. Qc2 Bg7 24. b4 Qe7 25. bxc5 Nxc5 26. Bxc5 dxc5 27. Qe2 Qxe2
28. Bxe2 h6 29. Kg2 Ke7 30. Kf3 Kd6 31. Ke4 hxg5 32. fxg5 Bb2 33. Kf4 Bc1+ 34.
Kg4 Bd2 35. Kh4 Ke5 36. Bg4 b5 37. Be2 b4 38. Bg4 Kd6 39. Bd1 Ke5 40. Ba4 a5
41. Be8 f6 42. gxf6 g5+ 43. Kg4 Kxf6 44. Ba4 Ke5 45. Bb5 Bf4 46. Ba4 Kd4 47.
Bb3 Kc3 48. Kf5 Kb2 49. d6 Bxd6 50. Kxg5 a4 51. Bxa4 Kxa2 52. Kf5 b3 53. Ke6
Bg3 54. Kd5 Bf2 55. Ke4 b2 56. Bc2 b1=Q 57. Bxb1+ Kxb1 58. Kd3 Kc1 59. Kc3 Bd4+
0-1

[Event "FIRST SATURDAY FM JUNE 2014"]
[Site "Budapest"]
[Date "2014.06.11"]
[Round "5.4"]
[White "Steer, Jozsef"]
[Black "Bacsi, Andras"]
[Result "1/2-1/2"]
[WhiteElo "1893"]
[BlackElo "1791"]
[PlyCount "29"]
[EventDate "2014.06.07"]

1. e4 e5 2. Nf3 Nc6 3. Bc4 Bc5 4. c3 Nf6 5. d3 O-O 6. O-O d6 7. h3 Qe7 8. Bg5
h6 9. Bh4 Be6 10. Bb3 Bxb3 11. Qxb3 Bb6 12. Nbd2 Qe6 13. Bxf6 Qxf6 14. Rfe1
Rfe8 15. Nf1 1/2-1/2

[Event "FIRST SATURDAY FM JUNE 2014"]
[Site "Budapest"]
[Date "2014.06.11"]
[Round "5.5"]
[White "Darazs, Zoltan"]
[Black "Lukacs, Albert"]
[Result "1/2-1/2"]
[WhiteElo "2108"]
[BlackElo "1943"]
[PlyCount "66"]
[EventDate "2014.06.07"]

1. e4 e6 2. d4 d5 3. Nc3 Nf6 4. e5 Nfd7 5. f4 a6 6. Nf3 c5 7. Be3 Nc6 8. Qd2
Qc7 9. O-O-O Be7 10. g4 b5 11. f5 c4 12. Bg5 Bb4 13. Bh4 Nf8 14. fxe6 Bxe6 15.
Kb1 Ng6 16. h3 h6 17. Bg2 Nxh4 18. Nxh4 O-O-O 19. a3 Ba5 20. Nf5 Kb8 21. Nd6
Ne7 22. Qe3 Bxc3 23. Qxc3 Nc8 24. Nxc8 Rxc8 25. Rc1 Qb6 26. Qe3 Rc7 27. c3 Rhc8
28. Kc2 Rb7 29. Kd2 Qd8 30. Bf3 Rc6 31. h4 a5 32. g5 b4 33. gxh6 gxh6 1/2-1/2

[Event "FIRST SATURDAY FM JUNE 2014"]
[Site "Budapest"]
[Date "2014.06.12"]
[Round "6.1"]
[White "Bacsi, Andras"]
[Black "Darazs, Zoltan"]
[Result "0-1"]
[WhiteElo "1791"]
[BlackElo "2108"]
[PlyCount "108"]
[EventDate "2014.06.07"]

1. Nf3 Nf6 2. c4 g6 3. Nc3 d5 4. cxd5 Nxd5 5. d4 Bg7 6. g3 O-O 7. Bg2 c5 8. O-O
cxd4 9. Nxd4 Nxc3 10. bxc3 Qc7 11. Qb3 a6 12. Ba3 Rd8 13. Rab1 e5 14. Nc2 Nc6
15. Ne3 Na5 16. Qb6 Qxb6 17. Rxb6 Rd2 18. Bb4 Nc6 19. Rd1 Rxd1+ 20. Nxd1 Nxb4
21. cxb4 Be6 22. Ne3 Rc8 23. h4 Rc1+ 24. Kh2 Bh6 25. Nd5 Rc2 26. Nf6+ Kg7 27.
Ne8+ Kf8 28. Nf6 Rxe2 29. Nxh7+ Kg7 30. Ng5 Bxg5 31. hxg5 Rxf2 32. Kg1 Rxa2 33.
Bxb7 a5 34. bxa5 Rxa5 35. Rb2 Ra1+ 36. Kf2 Ra2 37. Rxa2 Bxa2 38. Ke3 f5 39.
gxf6+ Kxf6 40. Bc6 Bb1 41. Bd7 Bf5 42. Bc6 Kg5 43. Kf3 e4+ 44. Kf2 Kg4 45. Bd5
g5 46. Bb7 Kh3 47. Bc6 g4 48. Bd5 e3+ 49. Kxe3 Kxg3 50. Bf7 Kh2 51. Bd5 g3 52.
Bf3 Bh3 53. Bd5 Bg2 54. Bc4 Bb7 0-1

[Event "FIRST SATURDAY FM JUNE 2014"]
[Site "Budapest"]
[Date "2014.06.12"]
[Round "6.2"]
[White "Szlenka, Attila"]
[Black "Steer, Jozsef"]
[Result "1/2-1/2"]
[WhiteElo "1802"]
[BlackElo "1893"]
[PlyCount "28"]
[EventDate "2014.06.07"]

1. Nf3 Nf6 2. g3 g6 3. c4 c6 4. Bg2 Bg7 5. Nc3 O-O 6. O-O e6 7. e4 d5 8. cxd5
exd5 9. d3 dxe4 10. dxe4 Bg4 11. Qb3 Qb6 12. Qxb6 axb6 13. Be3 b5 14. h3 Be6
1/2-1/2

[Event "FIRST SATURDAY FM JUNE 2014"]
[Site "Budapest"]
[Date "2014.06.12"]
[Round "6.3"]
[White "Gruz, Janos"]
[Black "Marcu, Simon"]
[Result "1/2-1/2"]
[WhiteElo "1761"]
[BlackElo "1859"]
[PlyCount "99"]
[EventDate "2014.06.07"]

1. c4 c6 2. d4 d5 3. e3 Nf6 4. Nc3 e6 5. Bd3 Be7 6. Nf3 Nbd7 7. O-O O-O 8. b3
b6 9. Bb2 Bb7 10. Qe2 c5 11. Rfe1 Re8 12. Rad1 Rc8 13. Rc1 Qc7 14. cxd5 exd5
15. Bf5 g6 16. Bh3 Rcd8 17. Nb5 Qb8 18. dxc5 bxc5 19. Qc2 a6 20. Nc3 d4 21.
exd4 cxd4 22. Nxd4 Bd6 23. Bxd7 Bxh2+ 24. Kh1 Rxe1+ 25. Rxe1 Rxd7 26. Nf3 Bxf3
27. gxf3 Qf4 28. Kg2 Rd2 29. Ne4 Rxc2 30. Nxf6+ Kg7 31. Nh5+ Kh6 32. Nxf4 Bxf4
33. Rh1+ Kg5 34. Bd4 h5 35. a4 a5 36. Rb1 Bd2 37. Rd1 Bb4 38. Rd3 Bc5 39. Rc3
Rxc3 40. Bxc3 Bb6 41. b4 axb4 42. Bxb4 Kf5 43. a5 Ba7 44. Bd2 Ke5 45. Be3 Bxe3
46. fxe3 Kd6 47. Kg3 Kc5 48. f4 f5 49. Kf3 Kb5 50. e4 1/2-1/2